000
00276nam a2200121 4500
999
_c
527947
_d
527947
040
_c
DLC
082
_a
891.4393
_b
KAS
100
_a
Kashmiri, Muhammad Shorash
_9
19455
245
_a
Maut se Wapsi
260
_a
Lahore
_b
Matboat Chitan
_c
2003
300
_a
304
942
_2
ddc
_c
BK